000 00473nam a2200169Ia 4500
008 090711s9999 xx 000 0 und d
082 _b61245
100 _aरायकर प्रतिभा
245 _aविस्मgती
260 _c1988
300 _a204
600 _aरायकर प्रतिभा
630 _aविस्मgती
700 _aरायकर प्रतिभा
730 _aविस्मgती
942 _cBOOK
999 _c294424
_d294424